Priekopníci vedy a techniky na Slovensku

Uložené v:
Podrobná bibliografia
Hlavný autor: Tibenský, Ján
Médium: Kniha
Jazyk:Slovak
Vydavateľské údaje: Bratislava Obzor 1988
Vydanie:1. vyd.
Tagy: Pridať tag
Žiadne tagy, Buďte prvý, kto otaguje tento záznam!

MARC

LEADER 00000nam a2200000 4500
001 c038141
005 20221219092105.5
041 0 |a slo 
044 |a SK 
245 1 0 |a Priekopníci vedy a techniky na Slovensku  |c Ján Tibenský a kol. 
250 |a 1. vyd. 
264 1 |a Bratislava  |b Obzor  |c 1988 
300 |a 998 s. 
100 1 |a Tibenský, Ján